[Event "PRO League Group Stage"]
[Site "chess.com INT"]
[Date "2018.02.24"]
[Round "7"]
[White "Olafsson, Helgi"]
[Black "Macieja, Bartlomiej"]
[Result "1-0"]
[WhiteTitle "GM"]
[BlackTitle "GM"]
[WhiteElo "2508"]
[BlackElo "2550"]
[WhiteTeam "Reykjavik Puffins"]
[BlackTeam "Rio Grande Ospreys"]
[WhiteFideId "2300010"]
[BlackFideId "1104306"]
[EventDate "2018.01.18"]

1. d4 Nf6 2. Nf3 e6 3. c4 Bb4+ 4. Nbd2 b6 5. a3 Bxd2+ 6. Bxd2 Bb7 7. Bg5 h6 8.
Bh4 d6 9. e3 Nbd7 10. Qc2 Qe7 11. Rd1 a5 12. b3 g5 13. Bg3 Ne4 14. Nd2 Nxg3 15.
hxg3 h5 16. f3 h4 17. g4 c5 18. Be2 cxd4 19. exd4 d5 20. Qb2 Qd6 21. Nf1 a4 22.
c5 Qf4 23. b4 O-O 24. Qd2 bxc5 25. Qxf4 gxf4 26. dxc5 e5 27. Rxh4 Rfd8 28. g3
Nf8 29. gxf4 Ng6 30. Rh5 Nxf4 31. Rxe5 Re8 32. Rxe8+ Rxe8 33. Ng3 Ba6 34. Rd2 d4
35. Kf2 d3 36. Bf1 Kg7 37. Nf5+ Kf6 38. Nd6 Rh8 39. b5 Bc8 40. Kg3 Ke5 41. Nxf7+ 1-0

[Event "PRO League Group Stage"]
[Site "chess.com INT"]
[Date "2018.02.24"]
[Round "7"]
[White "Olafsson, Helgi"]
[Black "Obregon, Andres Carlos"]
[Result "0-1"]
[WhiteTitle "GM"]
[BlackTitle "GM"]
[WhiteElo "2508"]
[BlackElo "2514"]
[WhiteTeam "Reykjavik Puffins"]
[BlackTeam "Buenos Aires Krakens"]
[WhiteFideId "2300010"]
[BlackFideId "111724"]
[EventDate "2018.01.18"]

1. d4 Nf6 2. Nf3 e6 3. c4 Bb4+ 4. Nbd2 O-O 5. a3 Be7 6. e4 d5 7. e5 Nfd7 8. b4
a5 9. b5 c5 10. cxd5 exd5 11. Bd3 cxd4 12. Qc2 h6 13. Nb3 Re8 14. O-O Nf8 15.
Nbxd4 Nbd7 16. a4 Nc5 17. Ba3 Nfe6 18. Nxe6 Nxe6 19. Rfd1 b6 20. Bh7+ Kh8 21.
Bf5 Bxa3 22. Rxa3 Nc5 23. Nd4 Bb7 24. f4 Qh4 25. Qf2 Qe7 26. Bc2 Ne4 27. Qe3 Qd7
28. Nc6 Bxc6 29. Bxe4 Bb7 30. Rad3 Qg4 31. Bf3 Qh4 32. Qxb6 Rab8 33. g3 Qh3 34.
Qxa5 Rec8 35. Qd2 Rc4 36. a5 Rbc8 37. a6 Ba8 38. Qf2 Rc2 39. R3d2 Rxd2 40. Qxd2
Qe6 41. Qd4 Rc4 42. Qa7 Qc8 43. Qf2 Rc2 44. Rd2 Rc1+ 45. Kg2 Rc3 46. b6 Qxa6 47.
Ra2 Qc8 48. h4 Bb7 49. Kh2 Qc4 50. Rd2 Rb3 51. f5 Qb4 52. e6 Rxf3 53. e7 Rxf2+ 0-1

[Event "PRO League Group Stage"]
[Site "chess.com INT"]
[Date "2018.02.24"]
[Round "7"]
[White "Olafsson, Helgi"]
[Black "Mikhalevski, Victor"]
[Result "1-0"]
[WhiteTitle "GM"]
[BlackTitle "GM"]
[WhiteElo "2508"]
[BlackElo "2538"]
[WhiteTeam "Reykjavik Puffins"]
[BlackTeam "Seattle Sluggers"]
[WhiteFideId "2300010"]
[BlackFideId "2801914"]
[EventDate "2018.01.18"]

1. Nf3 Nf6 2. g3 d5 3. Bg2 c6 4. b3 Bg4 5. Bb2 Nbd7 6. d3 e6 7. Nbd2 a5 8. a3
Be7 9. h3 Bh5 10. O-O O-O 11. e4 b5 12. g4 Bg6 13. Nd4 Qb6 14. exd5 Nxd5 15.
Bxd5 cxd5 16. f4 Bc5 17. Nf3 f5 18. b4 axb4 19. axb4 Rxa1 20. Bxa1 Bxb4 21. Ng5
Bc5 22. Kg2 Bxd4 23. Bxd4 Qxd4 24. Nxe6 Qb6 25. Nxf8 Nxf8 26. Re1 d4 27. Qf3 Qc5
28. Kg3 Bf7 29. Re5 Qxc2 30. Rxb5 fxg4 31. hxg4 h6 32. Qe4 Qa4 33. Rb8 Qd7 34.
Qe5 Be8 35. Rxe8 Qf7 36. Qe7 Qf6 37. Qxf6 gxf6 38. Rd8 Kf7 39. f5 Ke7 40. Rxd4
Nd7 41. Rxd7+ Kxd7 42. Kh4 Kd6 43. Kh5 Ke5 44. Kxh6 1-0

[Event "PRO League Group Stage"]
[Site "chess.com INT"]
[Date "2018.02.24"]
[Round "7"]
[White "Azarov, Sergei"]
[Black "Ghasi, Ameet K"]
[Result "1/2-1/2"]
[WhiteTitle "GM"]
[BlackTitle "IM"]
[WhiteElo "2567"]
[BlackElo "2475"]
[WhiteTeam "Las Vegas Desert Rats"]
[BlackTeam "London Towers"]
[WhiteFideId "13501470"]
[BlackFideId "409200"]
[EventDate "2018.01.18"]

1. e4 c6 2. d4 d5 3. e5 Bf5 4. Nf3 e6 5. Be2 Nd7 6. O-O Ne7 7. Nbd2 h6 8. Nb3
Nc8 9. a4 Ncb6 10. Re1 a5 11. h3 Be7 12. Bd3 Bxd3 13. cxd3 O-O 14. Bf4 Bb4 15.
Re3 Nc8 16. g4 Ne7 17. Bg3 Ng6 18. Qe2 Be7 19. Rf1 b5 20. axb5 cxb5 21. Nh2 a4
22. Nd2 Qb6 23. f4 Qxd4 24. Ndf3 Qb4 25. f5 Nf4 26. Bxf4 Qxf4 27. d4 Rac8 28.
Kh1 b4 29. Qd3 Rc4 30. h4 Rfc8 31. f6 gxf6 32. Ng5 Qxf1+ 33. Nxf1 fxg5 34. h5 a3
35. bxa3 bxa3 36. Re2 Rc1 37. Kg2 Nb6 38. Ne3 Nc4 39. Nxd5 exd5 40. e6 Rf8 41.
exf7+ Rxf7 42. Qg6+ Kf8 43. Qxh6+ Ke8 44. Qc6+ Kf8 45. Qh6+ Ke8 46. Qc6+ Kf8 47.
Qc8+ Kg7 48. h6+ Kxh6 49. Qh8+ Kg6 50. Re6+ Bf6 51. Qg8+ Rg7 52. Qe8+ Rf7 53.
Qg8+ Rg7 54. Qe8+ Rf7 55. Qg8+ Rg7 56. Qe8+ Rf7 57. Qg8+ Rg7 58. Qe8+ Rf7 59.
Qg8+ 1/2-1/2

[Event "PRO League Group Stage"]
[Site "chess.com INT"]
[Date "2018.02.24"]
[Round "7"]
[White "Azarov, Sergei"]
[Black "Guseinov, Gadir"]
[Result "1/2-1/2"]
[WhiteTitle "GM"]
[BlackTitle "GM"]
[WhiteElo "2567"]
[BlackElo "2646"]
[WhiteTeam "Las Vegas Desert Rats"]
[BlackTeam "Estonia Horses"]
[WhiteFideId "13501470"]
[BlackFideId "13401378"]
[EventDate "2018.01.18"]

1. e4 c5 2. Nf3 g6 3. d4 cxd4 4. Nxd4 Nc6 5. Nc3 Bg7 6. Be3 Nf6 7. Bc4 O-O 8.
Bb3 d6 9. h3 Na5 10. O-O b6 11. Re1 Bb7 12. Bg5 Nxb3 13. axb3 Re8 14. Qd2 a6 15.
Bh6 Bh8 16. Rad1 Rc8 17. Qe3 Qc7 18. Nde2 b5 19. b4 a5 20. Nxb5 Qxc2 21. bxa5
Qxe4 22. Qxe4 Nxe4 23. b4 Ba6 24. Ned4 d5 25. Na7 Rc4 26. Ndc6 e6 27. b5 Bxb5
28. Rxe4 Rxc6 29. Rb4 Ra6 30. Nxb5 Rxa5 31. Nd6 Rea8 32. f4 R5a6 33. Nb7 Bg7 34.
Bxg7 Kxg7 35. Nc5 Rc6 36. Nd3 Ra2 37. Rb2 Rxb2 38. Nxb2 h6 39. Nd3 g5 40. g3 Rc2
41. Rc1 1/2-1/2

[Event "PRO League Group Stage"]
[Site "chess.com INT"]
[Date "2018.02.24"]
[Round "7"]
[White "Azarov, Sergei"]
[Black "Kantans, Toms"]
[Result "0-1"]
[WhiteTitle "GM"]
[BlackTitle "GM"]
[WhiteElo "2567"]
[BlackElo "2478"]
[WhiteTeam "Las Vegas Desert Rats"]
[BlackTeam "Riga Magicians"]
[WhiteFideId "13501470"]
[BlackFideId "11602945"]
[EventDate "2018.01.18"]

1. e4 c5 2. Nf3 Nf6 3. e5 Nd5 4. Nc3 e6 5. Nxd5 exd5 6. d4 Nc6 7. dxc5 Bxc5 8.
Qxd5 Qb6 9. Bc4 Bxf2+ 10. Ke2 O-O 11. Rf1 Bc5 12. Ng5 Nd4+ 13. Kd1 Ne6 14. Ne4
d6 15. exd6 Rd8 16. Bd3 Bxd6 17. Qh5 Bc7 18. Qxf7+ Kh8 19. Qh5 Rxd3+ 20. cxd3
Bd7 21. Bd2 Bb5 22. Bc3 Bxd3 23. Ng5 Bg6 24. Nf7+ Kg8 25. Qf3 Rf8 26. Qg4 Bxf7
27. Ke1 Re8 28. Rd1 Nf4+ 29. Kd2 Qe3+ 30. Kc2 Qe4+ 0-1

[Event "PRO League Group Stage"]
[Site "chess.com INT"]
[Date "2018.02.24"]
[Round "7"]
[White "Obregon, Andres Carlos"]
[Black "Libiszewski, Fabien"]
[Result "1/2-1/2"]
[WhiteTitle "GM"]
[BlackTitle "GM"]
[WhiteElo "2514"]
[BlackElo "2530"]
[WhiteTeam "Buenos Aires Krakens"]
[BlackTeam "Cannes Blockbusters"]
[WhiteFideId "111724"]
[BlackFideId "616834"]
[EventDate "2018.01.18"]

1. d4 d5 2. c4 dxc4 3. Nf3 a6 4. e3 b5 5. a4 Bb7 6. axb5 axb5 7. Rxa8 Bxa8 8. b3
e6 9. bxc4 bxc4 10. Bxc4 Nf6 11. O-O Be7 12. Qa4+ Nbd7 13. Ne5 O-O 14. Nc6 Bxc6
15. Qxc6 Qa8 16. Qxa8 Rxa8 17. Nc3 c5 18. dxc5 Bxc5 19. Be2 Ra1 20. Rd1 g6 21.
g4 h6 22. Kg2 Ba3 23. Bxa3 Rxa3 24. Nb5 Ra2 25. Kf1 g5 26. h3 Kf8 27. Nd4 Nc5
28. Rc1 Nce4 29. Rc8+ Kg7 30. Rc7 Nd5 31. Rd7 Kf6 32. Rb7 1/2-1/2

[Event "PRO League Group Stage"]
[Site "chess.com INT"]
[Date "2018.02.24"]
[Round "7"]
[White "Obregon, Andres Carlos"]
[Black "Skoberne, Jure"]
[Result "0-1"]
[WhiteTitle "GM"]
[BlackTitle "GM"]
[WhiteElo "2514"]
[BlackElo "2553"]
[WhiteTeam "Buenos Aires Krakens"]
[BlackTeam "Ljubljana Turtles"]
[WhiteFideId "111724"]
[BlackFideId "14604299"]
[EventDate "2018.01.18"]

1. d4 Nf6 2. Nf3 g6 3. c4 Bg7 4. Nc3 O-O 5. e4 d6 6. Be2 e5 7. Be3 exd4 8. Nxd4
Re8 9. f3 c6 10. Bf2 d5 11. exd5 cxd5 12. O-O Nc6 13. Nxc6 bxc6 14. Bd4 Ba6 15.
Qa4 dxc4 16. Rfd1 Bb5 17. Qc2 Nd5 18. Bxg7 Kxg7 19. Kh1 Qg5 20. Rxd5 cxd5 21.
Nxb5 Qe5 22. Bf1 Rab8 23. f4 Qxf4 24. Qc3+ Kg8 25. Nd4 Qf2 26. b3 Re3 27. Qc1
Rbe8 28. Nf3 c3 29. h3 d4 30. Bb5 R8e7 31. Bf1 c2 32. Qb2 Rxf3 33. gxf3 Qxf3+
34. Bg2 Qf2 35. Kh2 Re2 36. Rg1 Qf4+ 37. Kh1 Qd2 38. Qa3 Rxg2 39. Rxg2 c1=Q+ 40.
Qxc1 Qxc1+ 41. Kh2 d3 42. Rg1 d2 43. Rg2 d1=Q 0-1

[Event "PRO League Group Stage"]
[Site "chess.com INT"]
[Date "2018.02.24"]
[Round "7"]
[White "Obregon, Andres Carlos"]
[Black "Ter-Sahakyan, Samvel"]
[Result "1-0"]
[WhiteTitle "GM"]
[BlackTitle "GM"]
[WhiteElo "2514"]
[BlackElo "2563"]
[WhiteTeam "Buenos Aires Krakens"]
[BlackTeam "Armenia Eagles"]
[WhiteFideId "111724"]
[BlackFideId "13302531"]
[EventDate "2018.01.18"]

1. d4 d5 2. c4 c6 3. Nf3 Nf6 4. Nc3 e6 5. e3 Nbd7 6. Qc2 Bd6 7. Be2 O-O 8. O-O
b6 9. e4 dxe4 10. Nxe4 Nxe4 11. Qxe4 Bb7 12. Bd3 g6 13. Bh6 Re8 14. Rad1 e5 15.
Bc2 f5 16. Qe3 e4 17. Ne5 Qe7 18. Bg5 Qg7 19. Bh6 Qe7 20. Bg5 Qg7 21. c5 Nxc5
22. Bh6 Qe7 23. Bg5 Qf8 24. dxc5 Bxe5 25. Bb3+ Kh8 26. Rd7 Ba6 27. Rxh7+ 1-0

[Event "PRO League Group Stage"]
[Site "chess.com INT"]
[Date "2018.02.24"]
[Round "7"]
[White "Obregon, Andres Carlos"]
[Black "Swapnil, S. Dhopade"]
[Result "1-0"]
[WhiteTitle "GM"]
[BlackTitle "GM"]
[WhiteElo "2514"]
[BlackElo "2533"]
[WhiteTeam "Buenos Aires Krakens"]
[BlackTeam "Mumbai Movers"]
[WhiteFideId "111724"]
[BlackFideId "5019184"]
[EventDate "2018.01.18"]

1. d4 Nf6 2. Nf3 d5 3. c4 e6 4. g3 Be7 5. Bg2 O-O 6. O-O dxc4 7. Qa4 a6 8. Qxc4
b5 9. Qc2 Bb7 10. Bd2 Be4 11. Qc1 c6 12. Rd1 Nbd7 13. Nc3 Bg6 14. a3 Rc8 15. b4
Ne4 16. Be1 Qb6 17. Nxe4 Bxe4 18. Ne5 Nxe5 19. Bxe4 Ng4 20. Bf3 Nf6 21. e3 Bd6
22. Qb2 Rfe8 23. Rac1 e5 24. dxe5 Bxe5 25. Qc2 g5 26. Qf5 h6 27. Rc5 Qb8 28.
Bxc6 Re6 29. Bd7 Rxc5 30. Bxe6 Rc6 31. Qg6+ Kh8 32. Qxf7 Qe8 33. Qxe8+ Nxe8 34.
Bd5 Rd6 35. Bf3 Rxd1 36. Bxd1 Bb2 37. a4 Nf6 38. axb5 axb5 39. Be2 Ba3 40. Bc3
Kg7 41. Bxb5 Kf7 42. Bc4+ Ke7 43. b5 Ne4 44. Bd4 Nd6 45. Bd3 Bb4 46. g4 Nf7 47.
Bg7 Bd6 48. h3 Ne5 49. Be4 Nf7 50. b6 Kd7 51. Bd5 Be5 52. Bxe5 Nxe5 53. f4 Nd3
54. f5 Kd6 55. b7 Kc7 56. f6 Ne5 57. f7 Ng6 58. e4 1-0

[Event "PRO League Group Stage"]
[Site "chess.com INT"]
[Date "2018.02.24"]
[Round "7"]
[White "Shimanov, Aleksandr"]
[Black "Atalik, Suat"]
[Result "1-0"]
[WhiteTitle "GM"]
[BlackTitle "GM"]
[WhiteElo "2641"]
[BlackElo "2538"]
[WhiteTeam "Webster Windmills"]
[BlackTeam "Amsterdam Mosquitoes"]
[WhiteFideId "4198603"]
[BlackFideId "14401487"]
[EventDate "2018.01.18"]

1. d4 d5 2. Bf4 Nf6 3. e3 Bg4 4. f3 Bd7 5. g4 e6 6. h4 c5 7. c3 Qb6 8. Qb3 Bc6
9. Nd2 Nbd7 10. Nh3 a5 11. a4 Qxb3 12. Nxb3 c4 13. Nd2 Nb6 14. b3 cxb3 15. Nxb3
Nxa4 16. Kd2 Be7 17. Nf2 Nd7 18. Be2 b5 19. Bc7 Bd8 20. Bd6 Ndb6 21. Kc2 Kd7 22.
Ba3 Nc4 23. Bxc4 bxc4 24. Nd2 Bc7 25. e4 Rab8 26. e5 Bd8 27. f4 Be7 28. Bxe7
Kxe7 29. Rhb1 Kd7 30. Nd1 h5 31. g5 g6 32. Ne3 Kc7 33. Ng2 Rxb1 34. Nxb1 Ra8 35.
f5 exf5 36. Nf4 Nb6 37. e6 fxe6 38. Nxg6 Kd6 39. Nd2 Ba4+ 40. Kb2 Be8 41. Nf4
Rb8 42. Rxa5 Na4+ 43. Kc2 Rb2+ 44. Kc1 Ra2 45. Ra6+ Bc6 46. g6 Ra1+ 47. Nb1
Rxb1+ 48. Kxb1 Nxc3+ 1-0

[Event "PRO League Group Stage"]
[Site "chess.com INT"]
[Date "2018.02.24"]
[Round "7"]
[White "Shimanov, Aleksandr"]
[Black "Carlsen, Magnus"]
[Result "1/2-1/2"]
[WhiteTitle "GM"]
[BlackTitle "GM"]
[WhiteElo "2641"]
[BlackElo "2834"]
[WhiteTeam "Webster Windmills"]
[BlackTeam "Norway Gnomes"]
[WhiteFideId "4198603"]
[BlackFideId "1503014"]
[EventDate "2018.01.18"]

1. d4 f5 2. Nc3 d5 3. Bf4 a6 4. e3 e6 5. Nf3 Nf6 6. Bd3 c5 7. dxc5 Bxc5 8. O-O
Nc6 9. Ne2 Qe7 10. Ned4 Bd7 11. c4 O-O 12. Rc1 Rac8 13. cxd5 Nxd5 14. Nxf5 exf5
15. Bc4 Nb4 16. a3 Be6 17. axb4 Nxb4 18. Qb3 Bxc4 19. Rxc4 Kh8 20. Ne5 b6 21.
Bg3 Rf6 22. Rd1 Nc6 23. Nxc6 Rfxc6 24. Qc2 Qe6 25. Rc1 a5 26. h4 h6 27. b3 Rd8
28. Rd1 Rcc8 29. Rc3 Rxd1+ 30. Qxd1 Be7 31. Rd3 b5 32. Rd5 Rc1 33. Qxc1 Qxd5 34.
Qc8+ Kh7 35. Qc2 Qe4 36. Qa2 a4 37. bxa4 bxa4 38. h5 a3 39. Qf7 f4 40. Bxf4 Qb1+
41. Kh2 Bf6 42. Qd5 a2 43. e4 Qb6 44. Qxa2 Qd4 45. Qe2 Qc5 46. Bg3 Bd4 47. e5
Kg8 48. e6 Kf8 49. Qf3+ Bf6 50. Qb7 Qxh5+ 51. Kg1 Qd1+ 52. Kh2 Qh5+ 53. Kg1 Qd1+
54. Kh2 Qh5+ 55. Kg1 1/2-1/2

[Event "PRO League Group Stage"]
[Site "chess.com INT"]
[Date "2018.02.24"]
[Round "7"]
[White "Shimanov, Aleksandr"]
[Black "Pruijssers, Roeland"]
[Result "1-0"]
[WhiteTitle "GM"]
[BlackTitle "GM"]
[WhiteElo "2641"]
[BlackElo "2536"]
[WhiteTeam "Webster Windmills"]
[BlackTeam "Oslo Trolls"]
[WhiteFideId "4198603"]
[BlackFideId "1013068"]
[EventDate "2018.01.18"]

1. g3 f5 2. Bg2 Nf6 3. d3 d6 4. e4 fxe4 5. dxe4 g6 6. Ne2 Bg7 7. O-O O-O 8. Nbc3
Nc6 9. h3 e5 10. Be3 Be6 11. Qd2 Qd7 12. Kh2 Rf7 13. Nd5 Raf8 14. c4 b6 15. Rad1
Nh5 16. b4 Kh8 17. c5 dxc5 18. bxc5 b5 19. Qb2 Na5 20. Ndc3 Qc8 21. Nxb5 Qb7 22.
Rb1 a6 23. Qc3 axb5 24. Qxa5 Bc4 25. Rb2 Nf4 26. gxf4 exf4 27. Bd4 f3 28. Bxg7+
Rxg7 29. Ng3 fxg2 30. Rg1 Qc6 31. Rxg2 Qxc5 32. a4 Qe5 33. Rb4 Bf1 34. Rxb5 Bxb5
35. axb5 Rgf7 36. Qd2 Qxb5 37. f4 Qc5 38. Qb2+ Kg8 39. f5 Re8 40. Rd2 Qe5 41.
Qb3 Qf4 42. Rd7 Rf8 43. Kg2 gxf5 44. exf5 c5 45. Qd5 c4 46. Rd8 Qg5 47. Rd7 h5
48. h4 Qxh4 49. Rd6 1-0

[Event "PRO League Group Stage"]
[Site "chess.com INT"]
[Date "2018.02.24"]
[Round "7"]
[White "Shimanov, Aleksandr"]
[Black "Zhou, Yang-Fan"]
[Result "1-0"]
[WhiteTitle "GM"]
[BlackTitle "IM"]
[WhiteElo "2641"]
[BlackElo "2449"]
[WhiteTeam "Webster Windmills"]
[BlackTeam "London Lions"]
[WhiteFideId "4198603"]
[BlackFideId "468584"]
[EventDate "2018.01.18"]

1. b3 a5 2. e4 a4 3. Bb2 e6 4. Nf3 d5 5. exd5 exd5 6. d4 Nf6 7. Bd3 Bd6 8. O-O
O-O 9. h3 Ne4 10. c4 c6 11. bxa4 Nd7 12. cxd5 cxd5 13. Nc3 Ndf6 14. Nb5 Bb8 15.
Ne5 Qa5 16. Bc2 Be6 17. Bb3 Rc8 18. Rc1 Qd8 19. Qe2 h6 20. Rxc8 Bxc8 21. Rc1 Be6
22. Qc2 Ne8 23. f3 Ng3 24. Re1 Nf5 25. Qf2 g6 26. g4 Nfd6 27. Nxg6 Nc4 28. Bc1
fxg6 29. Rxe6 Ra6 30. Re1 Kg7 31. Qe2 Ned6 32. Qe7+ Qxe7 33. Rxe7+ Kf6 34. Rd7
h5 35. Nc3 Ra5 36. Bf4 hxg4 37. hxg4 Nb5 38. axb5 Bxf4 39. Nxd5+ Kg5 40. Bxc4 1-0

[Event "PRO League Group Stage"]
[Site "chess.com INT"]
[Date "2018.02.24"]
[Round "7"]
[White "Gorodetzky, David"]
[Black "Smirnov, Anton"]
[Result "0-1"]
[WhiteTitle "FM"]
[BlackTitle "GM"]
[WhiteElo "2411"]
[BlackElo "2527"]
[WhiteTeam "London Towers"]
[BlackTeam "Australia Kangaroos"]
[WhiteFideId "2813416"]
[BlackFideId "3208923"]
[EventDate "2018.01.18"]

1. b3 d5 2. Bb2 Nf6 3. Nf3 Bg4 4. g3 Nbd7 5. Bg2 e6 6. O-O Bd6 7. c4 O-O 8. d3
Qe7 9. a3 c6 10. Nbd2 e5 11. h3 Bf5 12. Qc2 Rad8 13. e4 dxe4 14. dxe4 Be6 15. b4
a5 16. c5 Bc7 17. Ng5 Nb8 18. Nxe6 Qxe6 19. Rfd1 Na6 20. Bc3 Rd7 21. Bf1 Rfd8
22. Kg2 Nh5 23. Nf3 Nf6 24. Ng5 Qe8 25. Be2 h6 26. Nf3 Qe6 27. Be1 Rxd1 28. Rxd1
Rxd1 29. Bxd1 axb4 30. axb4 b5 31. cxb6 Bxb6 32. Be2 Nc7 33. Bc4 Qd6 34. Bc3 Nd7
35. Qb2 Qg6 36. Qd2 Qxe4 37. Bxf7+ Kxf7 38. Qxd7+ Kf8 39. Qd8+ Kf7 40. Bxe5 Nd5
41. Qh8 Ne3+ 42. fxe3 Qc2+ 43. Kh1 Qd1+ 44. Ng1 Qd5+ 45. Kh2 Qa2+ 46. Kh1 Qd5+
47. Kh2 Qxe5 48. Qc8 Qxe3 49. Qd7+ Kf8 50. Qf5+ Ke7 51. Qf1 Qxg1+ 52. Qxg1 Bxg1+
53. Kxg1 Ke6 54. Kf2 Kd5 55. Ke3 Kc4 56. Kf4 Kxb4 57. Kf5 c5 58. Kg6 c4 59. Kxg7
c3 60. Kxh6 c2 61. g4 c1=Q+ 62. g5 Qh1 63. Kg7 Qxh3 64. g6 Kc5 65. Kf7 Kd6 66.
g7 Qf5+ 67. Ke8 Qg6+ 68. Kf8 Qf6+ 69. Kg8 Ke7 70. Kh7 Qh4+ 71. Kg6 Qg4+ 72. Kh7
Kf7 0-1

[Event "PRO League Group Stage"]
[Site "chess.com INT"]
[Date "2018.02.24"]
[Round "7"]
[White "Gorodetzky, David"]
[Black "Boros, Denes"]
[Result "1/2-1/2"]
[WhiteTitle "FM"]
[BlackTitle "GM"]
[WhiteElo "2411"]
[BlackElo "2457"]
[WhiteTeam "London Towers"]
[BlackTeam "Webster Windmills"]
[WhiteFideId "2813416"]
[BlackFideId "722340"]
[EventDate "2018.01.18"]

1. b3 a5 2. c4 a4 3. b4 e5 4. a3 Nf6 5. Bb2 d6 6. Nc3 Bd7 7. e3 g6 8. Nf3 Bg7 9.
d4 Nc6 10. Be2 O-O 11. O-O Ng4 12. Nd5 Re8 13. h3 Nh6 14. dxe5 Nxe5 15. Nxe5
dxe5 16. e4 c6 17. Nc3 Be6 18. Qc2 Qh4 19. Rfd1 f5 20. exf5 Bxf5 21. Qd2 e4 22.
Bf1 Nf7 23. Ne2 Rad8 24. Nd4 Ne5 25. Qe3 Bh6 26. Qc3 Bg7 27. Qe3 Bh6 28. Nxf5
gxf5 29. Rxd8 Rxd8 30. Qc5 Ng6 31. Qxf5 Rf8 32. Qe6+ Rf7 33. g3 Qe7 34. Qxe7
Rxe7 35. c5 Bg7 36. Bc4+ Kf8 37. Bxg7+ Kxg7 38. Rd1 e3 39. Re1 exf2+ 40. Kxf2
Ne5 41. Re4 Kf6 42. Rf4+ Kg6 43. Be2 Rd7 44. Ke3 Rd8 45. h4 h6 46. g4 Kg7 47.
Re4 Rd5 48. Rf4 Ng6 49. Re4 Kf6 50. Bc4 Re5 51. h5 Rxe4+ 52. Kxe4 Ne5 53. Be2
Nf7 54. Kf4 Ne5 55. Ke4 Nf7 56. Bf3 Ne5 57. Be2 1/2-1/2

[Event "PRO League Group Stage"]
[Site "chess.com INT"]
[Date "2018.02.24"]
[Round "7"]
[White "Gorodetzky, David"]
[Black "Izoria, Zviad"]
[Result "0-1"]
[WhiteTitle "FM"]
[BlackTitle "GM"]
[WhiteElo "2411"]
[BlackElo "2599"]
[WhiteTeam "London Towers"]
[BlackTeam "San Jose Hackers"]
[WhiteFideId "2813416"]
[BlackFideId "13601733"]
[EventDate "2018.01.18"]

1. e3 Nf6 2. Nf3 g6 3. b4 Bg7 4. Bb2 O-O 5. c4 d6 6. d4 c5 7. a3 cxd4 8. Nxd4
Nc6 9. Nxc6 bxc6 10. Be2 a5 11. O-O axb4 12. axb4 Rxa1 13. Bxa1 Qb6 14. Bc3 Be6
15. Nd2 Ra8 16. Qb1 Nd7 17. Bxg7 Kxg7 18. Qb2+ f6 19. Rc1 c5 20. b5 Qa5 21. Rb1
Nb6 22. Kf1 Qa2 23. Qxa2 Rxa2 24. Ke1 g5 25. Bd3 f5 26. Kd1 Kf6 27. Kc1 Bf7 28.
Rb2 Ra3 29. Kc2 h5 30. Rb3 Ra2+ 31. Rb2 Ra3 32. g3 e5 33. Rb3 Ra2+ 34. Rb2 Ra3
35. Rb3 Ra4 36. Rb2 e4 37. Be2 Ke5 38. Kb3 d5 39. cxd5 Bxd5+ 40. Kc2 h4 41. Nb1
Ra1 42. Nc3 Rh1 43. gxh4 gxh4 44. Nxd5 Kxd5 45. Ra2 c4 46. Ra7 Rxh2 47. Kc3 Rxf2
48. Bh5 h3 49. Bf7+ Kc5 50. Rc7+ Kxb5 51. Be8+ Ka6 52. Rh7 h2 53. Kd4 c3 54. Kc5
Rb2 55. Rh8 c2 0-1

[Event "PRO League Group Stage"]
[Site "chess.com INT"]
[Date "2018.02.24"]
[Round "7"]
[White "Gorodetzky, David"]
[Black "Panjwani, Raja"]
[Result "0-1"]
[WhiteTitle "FM"]
[BlackTitle "IM"]
[WhiteElo "2411"]
[BlackElo "2444"]
[WhiteTeam "London Towers"]
[BlackTeam "Montreal Chessbrahs"]
[WhiteFideId "2813416"]
[BlackFideId "2604493"]
[EventDate "2018.01.18"]

1. e4 Nf6 2. e5 Nd5 3. d4 d6 4. Nf3 g6 5. Bc4 c6 6. O-O Bg7 7. h3 O-O 8. Re1 a5
9. a3 Na6 10. Nbd2 Nac7 11. Ne4 Kh8 12. Bd2 f6 13. Qe2 fxe5 14. dxe5 dxe5 15.
Neg5 h6 16. Nxe5 Qe8 17. Ngf3 Ne6 18. g3 Rf6 19. Ng4 Rxf3 20. Qxf3 Nd4 21. Qd1
h5 22. Ne3 Qf7 23. Kg2 Nf3 24. Nxd5 cxd5 25. Re3 Nxd2 26. Qxd2 dxc4 27. Qd8+ Kh7
28. Qxe7 Qxe7 29. Rxe7 Kh6 30. c3 Bf5 31. f3 Rd8 32. g4 Rd2+ 33. Kg1 Bd7 34.
Rae1 Bf6 35. Rf7 Bh4 36. Re4 Bc6 37. Rxc4 Rd1+ 38. Kh2 Rd2+ 39. Kg1 Bf2+ 40. Kh1
Bd5 41. Rcc7 Bxf7 42. Rxf7 Kg5 43. gxh5 gxh5 44. f4+ Kh4 45. Kg2 Rxb2 46. Kf3
Bc5 47. a4 Rb3 48. Ke4 Rxc3 49. Rxb7 Kxh3 50. f5 Re3+ 51. Kf4 Rg3 52. f6 h4 53.
f7 Rg4+ 54. Kf5 Rg2 55. Rb3+ Kh2 56. Rc3 Bb4 57. Rf3 h3 58. Rf4 Kg1 59. Ke6 Re2+
60. Kf6 Rf2 61. f8=Q Bxf8 62. Kg5 Rxf4 0-1

[Event "PRO League Group Stage"]
[Site "chess.com INT"]
[Date "2018.02.24"]
[Round "7"]
[White "Pantsulaia, Levan"]
[Black "Sevian, Samuel"]
[Result "0-1"]
[WhiteTitle "GM"]
[BlackTitle "GM"]
[WhiteElo "2605"]
[BlackElo "2614"]
[WhiteTeam "Stockholm Snowballs"]
[BlackTeam "San Diego Surfers"]
[WhiteFideId "13602071"]
[BlackFideId "2040506"]
[EventDate "2018.01.18"]

1. Nf3 d5 2. g3 Bg4 3. Bg2 e6 4. O-O Nf6 5. c4 c6 6. d3 Nbd7 7. Nc3 Be7 8. Be3
O-O 9. Qb3 Bxf3 10. Bxf3 Ne5 11. Qxb7 Nxf3+ 12. exf3 d4 13. Bxd4 Qxd4 14. Qxe7
Qxd3 15. Qc5 Qxf3 16. Rfe1 Rab8 17. Re3 Qg4 18. b3 Qh3 19. f3 Rbd8 20. Rd1 h5
21. Qg5 Rfe8 22. Re5 a6 23. Rd2 h4 24. Ne2 hxg3 25. hxg3 Qh7 26. Kg2 Qb1 27. Nd4
Rd6 28. Ree2 Red8 29. Nxc6 R8d7 30. Ne5 Rd8 31. Qe3 Qa1 32. f4 g6 33. c5 Rd5 34.
Nc6 R8d7 35. Ne5 Rd8 36. Rxd5 Nxd5 37. Qf3 Qc1 38. c6 Nb4 39. Nd7 Qxc6 40. Nf6+
Kg7 41. Qxc6 Nxc6 42. Ne4 Rd3 43. Nc5 Rc3 44. Nxa6 Nd4 45. Rd2 Nf5 46. Nb4 Rxg3+
47. Kf2 Rh3 48. Nd3 Rh2+ 49. Ke1 Rh1+ 50. Ke2 Kf6 51. a4 Nd4+ 52. Ke3 Nxb3 53.
Rb2 Rh3+ 54. Ke4 Na5 55. Ne5 Ra3 56. Rb4 Nb3 57. Nd3 Nd2+ 58. Kd4 Nf3+ 59. Kc4
Nd2+ 60. Kb5 Rxd3 61. a5 Nb3 62. a6 Rd5+ 63. Kb6 Rd6+ 0-1